Escola de Teixits de Punt de Canet de Mar : reglament interior reglament interior
Descripción Física:
[6] p. ; 14 cm
MARC
| LEADER | 00000nam a2200000Ia 4500 | ||
|---|---|---|---|
| 001 | 21177 | ||
| 008 | 160829s9999 xx 000 0 cat d | ||
| 010 | |a 57773 | ||
| 080 | |a RF-12-1 | ||
| 100 | |a Escola de Teixits de Punt de Canet de Mar | ||
| 245 | |a Escola de Teixits de Punt de Canet de Mar : |b reglament interior | ||
| 260 | |a Barcelona : |b Generalitat de Catalunya, [1936?] | ||
| 300 | |a [6] p. ; |c 14 cm | ||
| 590 | |a Prové de 4275, exp. 15 | ||
| 650 | |a Escola de Teixits de Punt de Canet de Mar |x Reglaments i procediment |9 47474 | ||
| 856 | 4 | |u https://media.diba.cat/diba/fitxers/arxiu/fulletons/bib_21177_1936_baixa.pdf |y Accés lliure | |
| 856 | 4 | |u https://media.diba.cat/diba/fitxers/arxiu/fulletons/bib_21177_1936_baixa.pdf |y Accés lliure | |
| 856 | |u https://bibliotecageneral.diba.cat/Arxiu/bib_21177_1936_baixa.pdf | ||
| 901 | |a Arxiu | ||
| 942 | |n 1 |2 udc | ||
| 952 | |0 0 |1 0 |4 0 |6 RF121 |7 1 |9 53906 |a Arxiu |b Arxiu |d 2016-12-01 |l 0 |o RF-12-1 |p 21177 |r 2016-12-01 00:00:00 |w 2016-12-01 |y ARXIU | ||
| 999 | |c 57773 |d 57773 | ||
| 900 | |a bib_21177_1936_baixa.pdf | ||